1628 1987 1958 1408 1404 1557 1813 1720 1813 1857 1632 1438 1249 1177 1611 1857 1338 1533 1251 1711 1095 1254 1656 1564 1617 1960 1848 1390 1431 1919 1123 1280 1619 1759 1754 1525 1738 1758 1752 1863 1743 1617 1220 1688 1574 1694 1383 1159 1788 1872 1388 1392 1175 1520 1472 1295 1205 1806 1919 1078 1099 1190 1747 1484 1268 1076 1752 1782 1618 1854 1684 1304 1060 1316 1602 1472 1167 1184 1011 1448 1023 1936 1993 1703 1019 1699 1705 1594 1113 1745 1304 1417 1879 1385 1269 1170 1358 1068 1824 BCNSPRNW ULIB Ver.6.0+V

เปลี่ยนเป็นภาษาไทย

Change to English
 แสดงรายละเอียดบรรณานุกรม
  กลับหน้าหลัก

Brief Record : Get Marc (ISO 2709) : E-mail record : QR code < ปิดหน้าต่าง
LEADER : 00000nam 2200000uu 4500
001    13399122732
003     ULIB
008    020711s2555 th a 000 0 tha d
020    9786162132193
050  4 DS520^bส834ซ
100    สุภฤกษ์ บุญทอง
245    ซินจ่าว...เวียดนาม/^cสุภฤกษ์ บุญทอง
250    พิมพ์ครั้งที่ 2
260    กรุงเทพฯ :^bสกายบุ๊กส์,^c2555
300    72 หน้า
440  0 ชุด ประชาคมอาเซียนฉบับการ์ตูน
650  7 อาเซียน^xเสริมความรู้
650  7 เวียดนาม
945    ^p119^l0^i20174
999    ^aทศพร เกษรทอง
รายการนี้ยังไม่มีแท็ก
คุณยังไม่ได้ล็อกอิน คุณสามารถมีกิจกรรมร่วมกับเว็บไซต์ได้ แต่ต้องล็อกอินก่อน ::
  ล็อกอิน

รายการสื่อสารสนเทศ

ลำดับที่ ประเภท เลขเรียก/บาร์โค้ด สถานที่ สถานะ
1. การศึกษาทั่วไป
การศึกษาทั่วไป
DS520 ส834ซ ฉ.1 
  Barcode: 20174
ห้องสมุดวิทยาเขตนครสวรรค์
►หนังสือทั่วไป:l:General Books
ถูกยืม กำหนดส่งวันที่ 8 ธันวาคม 2559
  จอง

รายการใกล้เคียง
    ผู้แต่ง [สุภฤกษ์ บุญทอง]

    หัวเรื่อง [เวียดนาม]

BibComment


ยังไม่เคยถูกคอมเมนท์

คอมเมนท์ทรัพยากรรายการนี้
  คอมเมนท์: ซินจ่าวเวียดนาม ส..


 Copyright 2026. Bcnsprnw @Library